IFM Opac

Industrial Organization: (Record no. 22224)

MARC details
000 -LEADER
fixed length control field 00404nam a22001577a 4500
020 ## - INTERNATIONAL STANDARD BOOK NUMBER
ISBN 978-1-292-12171-0
082 ## - DEWEY DECIMAL CLASSIFICATION NUMBER
Classification number 338.6
100 ## - MAIN ENTRY--AUTHOR NAME
Personal name Lipczynski, John
245 ## - TITLE STATEMENT
Title Industrial Organization:
Sub Title Competition, Strategy and Policy
250 ## - EDITION STATEMENT
Edition statement 5th
260 ## - PUBLICATION, DISTRIBUTION, ETC. (IMPRINT)
Place of publication Harlow:
Name of publisher Pearson,
Year of publication 2017
300 ## - PHYSICAL DESCRIPTION
Number of Pages xxx, 847p.: ill.; 25cm
700 ## - ADDED ENTRY--PERSONAL NAME
Personal name Wilson, John O. S.
700 ## - ADDED ENTRY--PERSONAL NAME
Personal name Goddard, John
942 ## - ADDED ENTRY ELEMENTS (KOHA)
Koha item type Books
Holdings
Withdrawn status Lost status Damaged status Not for loan Collection code Permanent Location Current Location Shelving location Date acquired Source of acquisition Full call number Accession Number Price effective from Koha item type
        Non-fiction IFM Main Campus Library IFM Main Campus Library Work Room processing 01/26/2026 Purchased 338.6 LIP 0000030950 01/26/2026 Books